000 00605nam a22002297a 4500
003 UA-OsUOA
001 35867
007 ta
008 20051222b un ||||| |||| 00| 0 ukr d
100 _aРыбаков Б. А.
090 _a94(477)
_bР49
942 _cBK
040 _aUA-OsUOA
_brus
_cUA-OsUOA
_dUA-OsUOA
245 _aДревняя Русь
_bСказания, былины, летописи
300 _a358 с.
955 _a2
041 _arus
080 _a94(477)
260 _aМ.
_c1963
650 7 _a9 Географія. Біографії. Історія
_2UDC
999 _c322170
_d322170